[Event "Llucmajor op 2nd"]
[Site "Llucmajor"]
[Date "2013.04.29"]
[Round "2"]
[White "Lymar, Irina"]
[Black "Levin, Felix"]
[Result "0-1"]
[WhiteElo "2245"]
[BlackElo "2507"]
[PlyCount "68"]
[EventDate "2013.04.28"]
[EventType "swiss"]
[EventRounds "9"]
[EventCountry "ESP"]
[SourceTitle "CBM 154 Extra"]
[Source "ChessBase"]
[SourceDate "2013.06.25"]
[SourceVersion "2"]
[SourceVersionDate "2013.06.25"]
[SourceQuality "1"]

1. d4 Nf6 2. c4 e6 3. Nf3 Bb4+ 4. Bd2 c5 5. Bxb4 cxb4 6. e3 0-0 7. Qc2 d6 8. a3 Nc6 9. Be2 bxa3 10. bxa3 b6 11. Nc3 Ba6 12. d5 Na5 13. Nd4 exd5 14. cxd5 Bxe2 15. Qxe2 Rc8 16. Qd3 Rc5 17. e4 Re8 18. 0-0 Qc7 19. Ncb5 Qd7 20. f3 Rec8 21. Rab1 a6 22. Nxd6 Qxd6 23. Nf5 Qd8 24. Qxa6 Nc4 25. d6 Ra8 26. Qb7 Nd2 27. Ne7+ Kf8 28. Nc6 Qe8 29. Rbd1 Qxc6 30. Qe7+ Kg8 31. Rxd2 Re8 32. Qa7 Nd7 33. Rfd1 Rc8 34. h3 Ra5 0-1

[Event "Pamplona op"]
[Site "Pamplona"]
[Date "2007.12.23"]
[Round "3"]
[White "Lymar, Irina"]
[Black "Lafuente, Pablo"]
[Result "0-1"]
[WhiteElo "2264"]
[BlackElo "2489"]
[PlyCount "64"]
[EventDate "2007.12.22"]
[EventType "swiss"]
[EventRounds "9"]
[EventCountry "ESP"]
[SourceTitle "CBM 121 Extra"]
[Source "ChessBase"]
[SourceDate "2008.01.10"]
[SourceVersion "1"]
[SourceVersionDate "2008.01.10"]
[SourceQuality "1"]

1. d4 Nf6 2. Nf3 e6 3. c4 b6 4. g3 Ba6 5. b3 d5 6. cxd5 exd5 7. Bg2 Bd6 8. 0-0 0-0 9. Nc3 Nbd7 10. Ne1 c6 11. Nd3 Re8 12. Bf4 Nf8 13. Rc1 Bxd3 14. Qxd3 Bxf4 15. gxf4 Ng6 16. e3 Qd7 17. Ne2 Nh4 18. Ng3 h5 19. f3 Nxg2 20. Kxg2 h4 21. Ne2 Re7 22. Ng1 Rae8 23. Rfe1 g6 24. Kf2 Nh5 25. Qf1 Ng7 26. Qd3 Nf5 27. Rc3 Rxe3 28. Rxe3 Rxe3 29. Qxe3 Nxe3 30. Rxe3 Qf5 31. Ne2 c5 32. Kg2 Qc2 0-1

[Event "Balaguer op 11th"]
[Site "Balaguer"]
[Date "2006.07.19"]
[Round "3"]
[White "Babaev, Rashad"]
[Black "Lymar, Irina"]
[Result "1-0"]
[WhiteElo "2454"]
[BlackElo "2293"]
[PlyCount "93"]
[EventDate "2006.07.17"]
[EventType "swiss"]
[EventRounds "10"]
[EventCountry "ESP"]
[SourceTitle "CBM 113 Extra"]
[Source "ChessBase"]
[SourceDate "2006.09.14"]
[SourceVersion "1"]
[SourceVersionDate "2006.09.14"]
[SourceQuality "1"]

1. e4 c5 2. Nf3 e6 3. d4 cxd4 4. Nxd4 a6 5. Nc3 Qc7 6. Be2 Nf6 7. 0-0 Be7 8. f4 d6 9. a4 Nc6 10. Kh1 0-0 11. Be3 Re8 12. Bf3 Rb8 13. Qd2 Nxd4 14. Bxd4 e5 15. Ba7 Ra8 16. Be3 exf4 17. Bxf4 Be6 18. Rfd1 Rad8 19. a5 Bf8 20. h3 h6 21. Qf2 Nd7 22. Qg3 Ne5 23. Bxh6 Nc4 24. b3 Ne5 25. Be2 Rc8 26. Bd2 Nc6 27. Bd3 Nb4 28. Nb5 Qc5 29. Be3 Qh5 30. Nd4 Qe5 31. Qf2 Nxd3 32. cxd3 d5 33. Bf4 Qh5 34. e5 Bc5 35. Rd2 Bxh3 36. gxh3 Qxh3+ 37. Bh2 Qg4 38. Ra4 Bxd4 39. Rxd4 Rc1+ 40. Bg1 Qh3+ 41. Qh2 Qf3+ 42. Qg2 Qh5+ 43. Qh2 Qf3+ 44. Rg2 g5 45. Rdg4 f6 46. Qh5 Kf8 47. Rxg5 1-0

[Event "Sort op 2nd"]
[Site "Sort"]
[Date "2006.06.27"]
[Round "2"]
[White "Kohlweyer, Bernd"]
[Black "Lymar, Irina"]
[Result "1-0"]
[WhiteElo "2421"]
[BlackElo "2293"]
[PlyCount "59"]
[EventDate "2006.06.26"]
[EventType "swiss"]
[EventRounds "9"]
[EventCountry "ESP"]
[SourceTitle "CBM 113 Extra"]
[Source "ChessBase"]
[SourceDate "2006.09.14"]
[SourceVersion "1"]
[SourceVersionDate "2006.09.14"]
[SourceQuality "1"]

1. c4 Nf6 2. Nc3 d6 3. d4 Nbd7 4. e4 e5 5. Nge2 Be7 6. g3 0-0 7. Bg2 exd4 8. Nxd4 Ne5 9. b3 Bg4 10. f3 c5 11. Nc2 Be6 12. 0-0 Qd7 13. f4 Bg4 14. Qd2 Nc6 15. f5 Rfe8 16. Bb2 Bd8 17. h3 Bh5 18. g4 Bxg4 19. hxg4 Nxg4 20. Nd5 h5 21. Qc3 Nce5 22. Qh3 h4 23. Rf4 Nh6 24. Raf1 b5 25. cxb5 Qxb5 26. f6 g5 27. Rf5 Nxf5 28. Rxf5 Ng6 29. Rxg5 Kh7 30. Rxg6 1-0

[Event "Tarragona op 6th"]
[Site "Tarragona"]
[Date "2005.08.27"]
[Round "8"]
[White "Lymar, Irina"]
[Black "Kazhgaleyev, Murtas"]
[Result "1/2-1/2"]
[WhiteElo "2316"]
[BlackElo "2619"]
[PlyCount "119"]
[EventDate "2005.08.20"]
[EventType "swiss"]
[EventRounds "9"]
[EventCountry "ESP"]
[SourceTitle "CBM 108 Extra"]
[Source "ChessBase"]
[SourceDate "2005.11.04"]
[SourceVersion "1"]
[SourceVersionDate "2005.11.04"]
[SourceQuality "1"]

1. d4 d5 2. Nf3 c6 3. c4 Nf6 4. Nc3 dxc4 5. a4 Bf5 6. e3 e6 7. Bxc4 Bb4 8. 0-0 0-0 9. Qe2 Bg4 10. h3 Bxf3 11. Qxf3 Nbd7 12. Rd1 Qa5 13. e4 e5 14. d5 Bxc3 15. bxc3 cxd5 16. Bxd5 Nxd5 17. Rxd5 Qc7 18. Qg3 f6 19. Ba3 Rf7 20. a5 Nf8 21. Qd3 Ne6 22. Rd1 Rc8 23. Bb4 h6 24. g3 Qc4 25. Qxc4 Rxc4 26. Rd7 Rc7 27. Rxc7 Rxc7 28. h4 Kf7 29. Kf1 Ke8 30. Ke2 Nd8 31. Ke3 Nc6 32. Bd6 Rc8 33. a6 bxa6 34. c4 Na5 35. c5 Nc4+ 36. Kf3 Kf7 37. Kg4 g6 38. h5 gxh5+ 39. Kxh5 Ke6 40. Kxh6 a5 41. Ra1 Rc6 42. Ra4 Nd2 43. f4 Nb3 44. f5+ Kf7 45. Ra3 Nxc5 46. Rxa5 Nxe4 47. Rxa7+ Ke8 48. Bb4 Rc4 49. Rb7 Rc2 50. Kg6 Rg2 51. Re7+ Kd8 52. Ra7 Rb2 53. Be7+ Ke8 54. Bxf6 Rb6 55. Re7+ Kf8 56. Rf7+ Ke8 57. Re7+ Kf8 58. Rf7+ Ke8 59. Re7+ Kf8 60. Rf7+ 1/2-1/2

[Event "Balaguer op 10th"]
[Site "Balaguer"]
[Date "2005.07.20"]
[Round "3"]
[White "Baklan, Vladimir"]
[Black "Lymar, Irina"]
[Result "1-0"]
[WhiteElo "2584"]
[BlackElo "2316"]
[PlyCount "91"]
[EventDate "2005.07.18"]
[EventType "swiss"]
[EventRounds "9"]
[EventCountry "ESP"]
[SourceTitle "CBM 107 Extra"]
[Source "ChessBase"]
[SourceDate "2005.09.01"]
[SourceVersion "1"]
[SourceVersionDate "2005.09.01"]
[SourceQuality "1"]

1. e4 c5 2. Nc3 e6 3. Nf3 a6 4. d4 cxd4 5. Nxd4 Qc7 6. Bd3 Nc6 7. Be3 Nf6 8. 0-0 Nxd4 9. Bxd4 Bc5 10. Bxc5 Qxc5 11. Kh1 b5 12. Qe1 d6 13. f3 Bb7 14. a4 b4 15. Ne2 a5 16. c3 bxc3 17. Bb5+ Bc6 18. Nxc3 Bxb5 19. Nxb5 0-0 20. Rc1 Qe5 21. b3 d5 22. exd5 Qxe1 23. Rfxe1 Nxd5 24. Re4 Rfc8 25. Rec4 Rxc4 26. Rxc4 Kf8 27. Kg1 Ke7 28. Kf2 Rd8 29. Ke2 e5 30. g3 f5 31. Rc5 g5 32. Na3 e4 33. fxe4 fxe4 34. Nc4 Nc3+ 35. Kf2 Rd3 36. Rxa5 Ke6 37. Ra6+ Kf5 38. Ne3+ Ke5 39. Ra5+ Kf6 40. Rc5 Na2 41. Ng4+ Ke6 42. Re5+ Kd6 43. Rxe4 Rxb3 44. Nf6 Nc3 45. Rc4 h6 46. Rxc3 1-0

[Event "Kalamaria op 1st"]
[Site "Thessaloniki"]
[Date "2004.09.07"]
[Round "5"]
[White "Pambalou, Fotini"]
[Black "Lymar, Irina"]
[Result "1-0"]
[WhiteElo "2088"]
[BlackElo "2350"]
[PlyCount "87"]
[EventDate "2004.09.04"]
[EventType "swiss"]
[EventRounds "9"]
[EventCountry "GRE"]
[SourceTitle "CBM 102 Extra"]
[Source "ChessBase"]
[SourceDate "2004.11.03"]
[SourceVersion "1"]
[SourceVersionDate "2004.11.03"]
[SourceQuality "1"]

1. e4 c5 2. Nf3 e6 3. b3 Nc6 4. Bb2 a6 5. g3 Qc7 6. Bg2 d6 7. 0-0 Nf6 8. Re1 e5 9. Nc3 Be7 10. d3 0-0 11. Nd2 b5 12. Nf1 b4 13. Ne2 Nd4 14. Ne3 Be6 15. f4 h5 16. c3 Nxe2+ 17. Qxe2 bxc3 18. Bxc3 a5 19. Qb2 a4 20. Nc4 Bxc4 21. dxc4 Nd7 22. Bh3 a3 23. Qe2 Nf6 24. Rad1 h4 25. fxe5 dxe5 26. gxh4 Rad8 27. Bg4 Rxd1 28. Rxd1 Rd8 29. Bf3 Nh7 30. h5 Ng5 31. Rxd8+ Bxd8 32. Bg4 Qd6 33. Kg2 Ne6 34. Bxe6 Qxe6 35. h3 Bf6 36. Qd2 Bg5 37. Qd5 Qxd5 38. cxd5 Bf4 39. Be1 Be3 40. Kf3 Bd4 41. Bd2 Kf8 42. h6 g6 43. Kg4 f6 44. d6 1-0

[Event "Kavala op 13th"]
[Site "Kavala"]
[Date "2004.08.03"]
[Round "5"]
[White "Makka, Evanthia"]
[Black "Lymar, Irina"]
[Result "0-1"]
[WhiteElo "2093"]
[BlackElo "2350"]
[PlyCount "66"]
[EventDate "2004.07.31"]
[EventType "swiss"]
[EventRounds "9"]
[EventCountry "GRE"]
[SourceTitle "CBM 101 Extra"]
[Source "ChessBase"]
[SourceDate "2004.09.01"]
[SourceVersion "2"]
[SourceVersionDate "2004.09.01"]
[SourceQuality "1"]

1. e4 c5 2. Nf3 e6 3. d3 Nc6 4. g3 g6 5. Bg2 Bg7 6. 0-0 Nge7 7. c3 e5 8. Be3 d6 9. Na3 0-0 10. Nd2 Be6 11. Qe2 Qd7 12. f4 exf4 13. Bxf4 h6 14. Nc2 Rae8 15. Qd1 Ne5 16. Nf3 Nxf3+ 17. Bxf3 d5 18. Bc1 d4 19. c4 Nc6 20. Ne1 Ne5 21. Be2 f5 22. exf5 Bxf5 23. Ng2 g5 24. b3 Bh3 25. Ba3 Qc6 26. Rxf8+ Rxf8 27. Bf1 Nf3+ 28. Kh1 b6 29. Qe2 Re8 30. Qf2 h5 31. Rd1 h4 32. Be2 g4 33. Bf1 hxg3 0-1

[Event "Korinthos op 7th"]
[Site "Korinthos"]
[Date "2004.07.24"]
[Round "3"]
[White "Lymar, Irina"]
[Black "Georgiadis, Ioannis"]
[Result "1-0"]
[WhiteElo "2350"]
[BlackElo "2038"]
[PlyCount "75"]
[EventDate "2004.07.22"]
[EventType "swiss"]
[EventRounds "9"]
[EventCountry "GRE"]
[SourceTitle "CBM 101 Extra"]
[Source "ChessBase"]
[SourceDate "2004.09.01"]
[SourceVersion "2"]
[SourceVersionDate "2004.09.01"]
[SourceQuality "1"]

1. d4 Nf6 2. Nf3 c5 3. d5 b5 4. Bg5 Qb6 5. c4 bxc4 6. Bxf6 gxf6 7. Qc2 Qb4+ 8. Nbd2 Ba6 9. e4 Bh6 10. a3 Qa5 11. Qc3 Qxc3 12. bxc3 Bxd2+ 13. Nxd2 d6 14. Bxc4 Bxc4 15. Nxc4 Kd7 16. Rb1 Na6 17. Rb7+ Nc7 18. Ke2 Rhb8 19. Rhb1 Kc8 20. Na5 e6 21. c4 Rxb7 22. Rxb7 Kd7 23. Nc6 a5 24. Rb3 f5 25. f3 a4 26. Rb7 Kc8 27. Rb2 Kd7 28. Ke3 h6 29. g4 fxg4 30. fxg4 Rg8 31. h3 exd5 32. exd5 f5 33. gxf5 Rg3+ 34. Kf4 Rb3 35. Re2 Rc3 36. Re4 Rc1 37. Kg4 Rg1+ 38. Kh5 1-0

[Event "Aegean op 27th"]
[Site "Aghios Kirykos"]
[Date "2004.07.18"]
[Round "7"]
[White "Lymar, Irina"]
[Black "Festas, Georgios"]
[Result "1/2-1/2"]
[WhiteElo "2350"]
[BlackElo "2167"]
[PlyCount "35"]
[EventDate "2004.07.13"]
[EventType "swiss"]
[EventRounds "9"]
[EventCountry "GRE"]
[SourceTitle "CBM 101 Extra"]
[Source "ChessBase"]
[SourceDate "2004.09.01"]
[SourceVersion "2"]
[SourceVersionDate "2004.09.01"]
[SourceQuality "1"]

1. d4 d5 2. Nf3 Nf6 3. c4 c6 4. Nc3 a6 5. c5 Bf5 6. Bf4 Nbd7 7. h3 e6 8. e3 Be7 9. Be2 0-0 10. 0-0 Re8 11. b4 Qc8 12. Qb3 Bd8 13. a4 Bc7 14. Rfc1 e5 15. Bh2 exd4 16. Nxd4 Bxh2+ 17. Kxh2 Bg6 18. Nd1 1/2-1/2

[Event "Aegean op 27th"]
[Site "Aghios Kirykos"]
[Date "2004.07.17"]
[Round "6"]
[White "Nikolaou, Georgios"]
[Black "Lymar, Irina"]
[Result "1-0"]
[WhiteElo "2244"]
[BlackElo "2350"]
[PlyCount "61"]
[EventDate "2004.07.13"]
[EventType "swiss"]
[EventRounds "9"]
[EventCountry "GRE"]
[SourceTitle "CBM 101 Extra"]
[Source "ChessBase"]
[SourceDate "2004.09.01"]
[SourceVersion "2"]
[SourceVersionDate "2004.09.01"]
[SourceQuality "1"]

1. d4 Nf6 2. c4 g6 3. Nc3 Bg7 4. e4 d6 5. f3 0-0 6. Bg5 c5 7. d5 a6 8. Qd2 h6 9. Be3 Nbd7 10. Nh3 Ne5 11. Nf2 h5 12. a4 e6 13. h3 exd5 14. cxd5 Re8 15. Be2 Qa5 16. f4 Ned7 17. 0-0 Qb4 18. a5 b5 19. Nd3 Nxe4 20. Qc2 Ng3 21. Nxb4 Nxf1 22. Bf2 cxb4 23. Ne4 Bxb2 24. Rb1 Bg7 25. Kxf1 Nf6 26. Nxd6 Rd8 27. Qc7 Bd7 28. Bf3 Ne8 29. Nxe8 Bxe8 30. d6 Rac8 31. Bb7 1-0

[Event "Tel Aviv After Holidays IM"]
[Site "Tel Aviv"]
[Date "2003.10.28"]
[Round "9"]
[White "Lymar, Irina"]
[Black "Cohen, Or"]
[Result "1/2-1/2"]
[WhiteElo "2392"]
[BlackElo "2177"]
[PlyCount "122"]
[EventDate "2003.10.19"]
[EventType "tourn"]
[EventRounds "9"]
[EventCountry "ISR"]
[EventCategory "1"]
[SourceTitle "EXT 2004"]
[Source "ChessBase"]
[SourceDate "2003.11.25"]
[SourceVersion "1"]
[SourceVersionDate "2003.11.25"]
[SourceQuality "1"]

1. d4 d5 2. Nf3 c6 3. c4 e6 4. g3 Nf6 5. Bg2 Bd6 6. 0-0 Nbd7 7. b3 0-0 8. Bb2 Qe7 9. Ne5 Rd8 10. Nd2 c5 11. Ndf3 cxd4 12. Qxd4 Nxe5 13. Nxe5 dxc4 14. Qxc4 Qc7 15. Qxc7 Bxc7 16. Rac1 Bxe5 17. Bxe5 Nd5 18. e4 Nb4 19. Rfd1 Rxd1+ 20. Rxd1 Nc6 21. Bb2 e5 22. Bxe5 Bg4 23. Rd5 Nxe5 24. Rxe5 Rc8 25. Bf1 Kf8 26. Bc4 a6 27. Kg2 b5 28. Bd3 Be6 29. Kf3 Rc1 30. Ke3 Ra1 31. Rc5 Rxa2 32. b4 Ra4 33. Rc6 Ke7 34. f4 Kd7 35. Rc3 Rxb4 36. f5 Bc4 37. Bxc4 Rxc4 38. Ra3 Rc6 39. Kd4 b4 40. Rb3 a5 41. e5 Kc7 42. Kd5 Kb6 43. e6 fxe6+ 44. fxe6 Rc1 45. Re3 Rd1+ 46. Kc4 Rc1+ 47. Kb3 Rc8 48. e7 Re8 49. Ka4 Kc6 50. Kxa5 Kd6 51. Kxb4 Rxe7 52. Rd3+ Ke5 53. Ra3 Kf5 54. h3 Ke4 55. Kc5 Rd7 56. Kc6 Rd3 57. Ra4+ Kf3 58. g4 Kg2 59. Ra7 g5 60. Rxh7 Rxh3 61. Rh5 Kg3 1/2-1/2

[Event "Tel Aviv After Holidays IM"]
[Site "Tel Aviv"]
[Date "2003.10.24"]
[Round "6"]
[White "Eljanov, Vladimir"]
[Black "Lymar, Irina"]
[Result "1/2-1/2"]
[WhiteElo "2419"]
[BlackElo "2392"]
[PlyCount "92"]
[EventDate "2003.10.19"]
[EventType "tourn"]
[EventRounds "9"]
[EventCountry "ISR"]
[EventCategory "1"]
[SourceTitle "EXT 2004"]
[Source "ChessBase"]
[SourceDate "2003.11.25"]
[SourceVersion "1"]
[SourceVersionDate "2003.11.25"]
[SourceQuality "1"]

1. d4 Nf6 2. c4 g6 3. Nc3 Bg7 4. e4 d6 5. Nf3 0-0 6. Be2 e5 7. Be3 Ng4 8. Bg5 f6 9. Bh4 Nc6 10. d5 Ne7 11. Nd2 Nh6 12. f3 g5 13. Bf2 f5 14. 0-0 c5 15. exf5 Nhxf5 16. Nde4 Ng6 17. Bd3 Nf4 18. a3 b6 19. Re1 h6 20. Qc2 Qc7 21. Ne2 Nxd3 22. Qxd3 a6 23. b4 Bd7 24. Rab1 Rab8 25. Rb3 Kh8 26. Reb1 Nd4 27. R3b2 g4 28. Nxd4 cxd4 29. fxg4 Bxg4 30. Rf1 Rf4 31. Bh4 Rxf1+ 32. Qxf1 Rf8 33. Qd3 Bf5 34. Re2 Bxe4 35. Rxe4 Rc8 36. Re1 Qxc4 37. Qg6 Qxd5 38. Bf6 Rc7 39. Qxh6+ Kg8 40. Bxg7 Rxg7 41. Qh3 Rg6 42. Rc1 Kg7 43. Rc7+ Kf6 44. Qh8+ Kg5 45. Qd8+ Kf5 46. Qf8+ Kg5 1/2-1/2

[Event "Tel Aviv After Holidays IM"]
[Site "Tel Aviv"]
[Date "2003.10.20"]
[Round "2"]
[White "Lymar, Irina"]
[Black "Reznik, Viktor"]
[Result "1-0"]
[WhiteElo "2392"]
[BlackElo "2296"]
[PlyCount "79"]
[EventDate "2003.10.19"]
[EventType "tourn"]
[EventRounds "9"]
[EventCountry "ISR"]
[EventCategory "1"]
[SourceTitle "EXT 2004"]
[Source "ChessBase"]
[SourceDate "2003.11.25"]
[SourceVersion "1"]
[SourceVersionDate "2003.11.25"]
[SourceQuality "1"]

1. d4 Nf6 2. Nf3 g6 3. c4 Bg7 4. g3 0-0 5. Bg2 d6 6. 0-0 Nbd7 7. Nc3 e5 8. h3 Re8 9. e4 c6 10. Be3 exd4 11. Nxd4 Nc5 12. Qc2 a5 13. Rad1 Qe7 14. Rfe1 h6 15. f4 Qc7 16. Bf2 Be6 17. b3 Rad8 18. Nde2 Bc8 19. Rd2 b6 20. a3 h5 21. b4 axb4 22. axb4 Na6 23. Rb1 c5 24. bxc5 bxc5 25. Rbd1 Nb4 26. Qb1 Qe7 27. e5 dxe5 28. Rxd8 Rxd8 29. Rxd8+ Qxd8 30. Bxc5 Nd3 31. Bb6 Qd6 32. fxe5 Nxe5 33. c5 Qd2 34. c6 Ne8 35. Bf2 Nd3 36. Qb8 Nxf2 37. Qxc8 Qe3 38. Kh2 h4 39. Ne4 Kh7 40. Qxe8 1-0

[Event "Ashdod op 1st"]
[Site "Ashdod"]
[Date "2003.10.13"]
[Round "2"]
[White "Lymar, Irina"]
[Black "Zagrebelny, Sergey"]
[Result "1/2-1/2"]
[WhiteElo "2392"]
[BlackElo "2524"]
[PlyCount "69"]
[EventDate "2003.10.04"]
[EventType "swiss"]
[EventRounds "9"]
[EventCountry "ISR"]
[SourceTitle "CBM 096 Extra"]
[Source "ChessBase"]
[SourceDate "2003.10.22"]
[SourceVersion "2"]
[SourceVersionDate "2003.10.20"]
[SourceQuality "1"]

1. d4 Nf6 2. Nf3 e6 3. c4 b6 4. g3 Ba6 5. b3 Bb4+ 6. Bd2 Be7 7. Bg2 c6 8. Bc3 d5 9. Ne5 Nfd7 10. Nxd7 Nxd7 11. Nd2 0-0 12. 0-0 Rc8 13. Re1 c5 14. cxd5 exd5 15. e4 dxe4 16. Nxe4 f5 17. Nd2 cxd4 18. Bxd4 Nf6 19. Nc4 Kh8 20. Ne5 Bb4 21. Re3 Qd6 22. a3 Bxa3 23. b4 Rc1 24. Rxc1 Bxc1 25. Qxc1 Qxd4 26. Nc6 Qd6 27. Ra3 Bb5 28. Nxa7 Qxb4 29. Nxb5 Qxb5 30. Bf1 Qb4 31. Ra7 Qd4 32. Rb7 h6 33. Qc4 Qd6 34. Qb5 Ne4 35. Qxb6 1/2-1/2

[Event "St Petersburg White Nights (Women)"]
[Site "St Petersburg"]
[Date "2000.07.04"]
[Round "11"]
[White "Zimina, Olga"]
[Black "Lymar, Irina"]
[Result "1/2-1/2"]
[WhiteElo "2163"]
[BlackElo "2347"]
[PlyCount "20"]
[EventDate "2000.06.23"]
[EventType "tourn"]
[EventRounds "10"]
[EventCountry "RUS"]
[EventCategory "1"]
[SourceTitle "CBM 076 Extra"]
[Source "ChessBase"]
[SourceDate "2000.07.11"]
[SourceVersion "1"]
[SourceVersionDate "2000.07.11"]
[SourceQuality "1"]

1. c4 Nf6 2. Nc3 d5 3. cxd5 Nxd5 4. d4 Nxc3 5. bxc3 g6 6. e4 Bg7 7. Bc4 c5 8. Ne2 Nc6 9. 0-0 cxd4 10. cxd4 Bg4 1/2-1/2

[Event "Decin op-A"]
[Site "Decin"]
[Date "1998.??.??"]
[Round "4"]
[White "Lymar, Irina"]
[Black "Lechtynsky, Jiri"]
[Result "1/2-1/2"]
[WhiteElo "2225"]
[BlackElo "2370"]
[PlyCount "83"]
[EventDate "1998.08.??"]
[EventType "swiss"]
[EventRounds "10"]
[EventCountry "CZE"]
[SourceTitle "EXT 2000"]
[Source "ChessBase"]
[SourceDate "1999.11.16"]
[SourceVersion "1"]
[SourceVersionDate "1999.11.16"]
[SourceQuality "1"]

1. d4 Nf6 2. Nf3 e6 3. c4 Bb4+ 4. Bd2 Qe7 5. g3 Nc6 6. Bg2 Bxd2+ 7. Nbxd2 d6 8. 0-0 0-0 9. e4 e5 10. d5 Nb8 11. Ne1 a5 12. b3 Na6 13. a3 Bd7 14. Nd3 c6 15. Re1 cxd5 16. exd5 Bf5 17. Ne4 Rfc8 18. Rc1 Nxe4 19. Bxe4 Bxe4 20. Rxe4 f5 21. Re2 Qf6 22. f3 b6 23. Kg2 Nc5 24. b4 Nxd3 25. Qxd3 axb4 26. axb4 g6 27. Qc3 Rab8 28. Ra2 Rb7 29. c5 bxc5 30. bxc5 f4 31. Qa3 fxg3 32. hxg3 dxc5 33. Rxc5 Rxc5 34. Qxc5 Rf7 35. Rf2 Rd7 36. Ra2 Rf7 37. Rf2 Rd7 38. Rc2 Kg7 39. Qc6 Qe7 40. Re2 Rc7 41. Qb6 Rd7 42. Qc6 1/2-1/2

[Event "Decin op-A"]
[Site "Decin"]
[Date "1998.??.??"]
[Round "2"]
[White "Lymar, Irina"]
[Black "Nisztuk, Michal"]
[Result "1-0"]
[WhiteElo "2225"]
[BlackElo "2065"]
[PlyCount "53"]
[EventDate "1998.08.??"]
[EventType "swiss"]
[EventRounds "10"]
[EventCountry "CZE"]
[SourceTitle "EXT 2000"]
[Source "ChessBase"]
[SourceDate "1999.11.16"]
[SourceVersion "1"]
[SourceVersionDate "1999.11.16"]
[SourceQuality "1"]

1. d4 Nf6 2. Nf3 d5 3. c4 c6 4. Nc3 Bf5 5. cxd5 cxd5 6. Qb3 b6 7. Bg5 e6 8. e4 dxe4 9. Bb5+ Ke7 10. Ne5 a6 11. Bc6 Ra7 12. Qb4+ Qd6 13. Qxb6 Qc7 14. Qxc7+ Rxc7 15. Bxe4 h6 16. Bxf5 hxg5 17. Bd3 Nh5 18. g3 Rh6 19. Rc1 Ke8 20. 0-0 Nf6 21. Ne4 Rb7 22. Rc8+ Ke7 23. Rxb8 Rc7 24. Nxg5 Nd5 25. Ngxf7 Rf6 26. Ng5 Kd6 27. Ne4+ 1-0